Saraswatichandra (abridged): (Record no. 18018)

MARC details
000 -LEADER
fixed length control field 006680000a22001810004500
008 - FIXED-LENGTH DATA ELEMENTS--GENERAL INFORMATION
fixed length control field 081031t xxu||||| |||| 00| 0 eng d
010 ## - LIBRARY OF CONGRESS CONTROL NUMBER
LC control number ENG-84715
020 ## - INTERNATIONAL STANDARD BOOK NUMBER
International Standard Book Number 8126023465
Terms of availability 170.00 (hb)
035 ## - SYSTEM CONTROL NUMBER
System control number EN-68248
082 ## - DEWEY DECIMAL CLASSIFICATION NUMBER
Classification number N / TRI
100 ## - MAIN ENTRY--PERSONAL NAME
Personal name Tripathi, Govardhanram
245 ## - TITLE STATEMENT
Title Saraswatichandra (abridged):
Remainder of title a Gujarati classic /
Statement of responsibility, etc by Govardhanram Tripathi; translated by Vinod Meghani
260 ## - PUBLICATION, DISTRIBUTION, ETC. (IMPRINT)
Place of publication, distribution, etc New Delhi
Name of publisher, distributor, etc Sahitya Akademi
Date of publication, distribution, etc 2006
300 ## - PHYSICAL DESCRIPTION
Extent v,272p
Dimensions 23cm
700 ## - ADDED ENTRY--PERSONAL NAME
Personal name Meghani, Vinod
Titles and other words associated with a name tr
942 ## - ADDED ENTRY ELEMENTS (KOHA)
Source of classification or shelving scheme Dewey Decimal Classification
Koha item type English Books
Classification part N
Call number suffix TRI
Holdings
Withdrawn status Lost status Source of classification or shelving scheme Damaged status Not for loan Home library Current library Date acquired Cost, normal purchase price Total Checkouts Full call number Barcode Date last seen Copy number Cost, replacement price Price effective from Koha item type
    Dewey Decimal Classification   Not For Loan D.B.Act.Division D.B.Act.Division 26/03/2007 170.00   N TRI EN-68248 04/11/2008 1 170.00 04/11/2008 English Books

© Delhi Public Library
Hit Counter
free hit counter